000 01252nam a2200373 i 4500
001 1156
003 KOSZ 005
005 20200414150107.0
008 981118s1984 pl a f |000 0 pol
015 _aPB 1985/259
020 _a8320406404
040 _aWA N
_cWA N
_dKOSZ 005/HR
080 _a621.317
100 1 _aHagel, Ryszard
_d(1921-1979).
_eAutor
245 1 0 _aMiernictwo dynamiczne /
_cRyszard Hagel, Jan Zakrzewski.
250 _aWyd. 2 zm.
260 _aWarszawa :
_bWydawnictwa Naukowo-Techniczne,
_c1984.
300 _a272 s. :
_brys., wykr. ;
_c24 cm.
336 _2rdacontent
_aTekst
_btxt
337 _2rdamedia
_aBez urządzenia pośredniczącego
_bn
338 _2rdacarrier
_aWolumin
_bnc
380 _aKsiążki
380 _aPublikacje fachowe
388 _a1901-2000
500 _aWyd. 1 pod hasłem : Hagel Ryszard.
504 _aBibliogr. s. 269-272.
658 _aInżynieria i technika
650 4 _aPomiary
650 4 _aPrzetworniki
700 1 _aZakrzewski, Jan
_c(nauki techniczne).
_eAutor
710 2 _aWydawnictwa Naukowo-Techniczne
_4pbl.
856 _uhttp://koha.tu.koszalin.pl/cgi-bin/koha/opac-detail.pl?biblionumber=1156
_yKatalog online BPK
942 _2UKD
_cKS
999 _c1156
_d1156